| Поле | Инд. | ПП | Название | Значение |
|---|---|---|---|---|
| Тип записи | a | |||
| Библиографический уровень | b | |||
| 001 | Контрольный номер | RU/IS/BASE/220456030 | ||
| 005 | Дата корректировки | 20200630193300.8 | ||
| 008 | Кодируемые данные | 20061226 | ||
| 040 | b | Код языка каталог. | rus | |
| e | Правила каталог. | PSBO | ||
| 041 | 0_ | a | Код языка текста | rus |
| 084 | a | Индекс другой классификации/Индекс ББК | 60.001(2)522; 87.703.3; 68.01 | |
| 100 | 1_ | a | Автор | Агапов П. В. |
| 245 | 10 | a | Заглавие | Владимир Соловьев о войне и конфликте цивилизаций: теория и прогноз |
| 504 | a | Библиография | Библиогр. ссылки | |
| 600 | 14 | a | Персоналии | Соловьев Владимир Сергеевич |
| 650 | 04 | a | Основная рубрика | военная наука |
| a | Основная рубрика | военное дело | ||
| a | Основная рубрика | история философии | ||
| a | Основная рубрика | социальная философия | ||
| a | Основная рубрика | социальная этика | ||
| a | Основная рубрика | философия | ||
| a | Основная рубрика | философия истории | ||
| a | Основная рубрика | философские науки | ||
| a | Основная рубрика | этика | ||
| 653 | 0_ | a | Ключевые слова | XIX век |
| a | Ключевые слова | война | ||
| a | Ключевые слова | восточная цивилизация | ||
| a | Ключевые слова | западная цивилизация | ||
| a | Ключевые слова | история социальной философии | ||
| a | Ключевые слова | религиозная философия | ||
| a | Ключевые слова | Россия | ||
| a | Ключевые слова | столкновение цивилизаций | ||
| a | Ключевые слова | философия войны | ||
| a | Ключевые слова | цивилизации | ||
| 773 | 0_ | t | Заглавие источника | Вестник Московского университета. Серия 18, Социология и политология |
| d | Дата издания источника | 2006 | ||
| g | Прочая информация | № 4. - С. 75 - 85 | ||
| w | Контрольный № источника | RU/IS/BASE/219330550 | ||
| 901 | t | Тип документа | b |